000
00253nam a2200097Ia 4500
008
220204s9999 xx 000 0 und d
082
_a
912(084.3)(100)
_b
HAM
245
0
_a
Hamlyn pictorial atlas of the world
260
_a
London
_b
Hamlyn
_c
1976
942
_c
BK
999
_c
28557
_d
28557